| 000 | 00581nam a2200205Ia 4500 | ||
|---|---|---|---|
| 999 |
_c4539 _d4539 |
||
| 020 | _a0-387-23788-7 | ||
| 082 | _a306.6 HAN- | ||
| 245 | 0 | _aHandbook of religion and social institutions | |
| 260 |
_aNew York _bSpringer _c2005 |
||
| 300 | _axii, 439 | ||
| 440 | _aHandbooks of sociology and social research | ||
| 504 | _aincludes index | ||
| 650 | _aReligion and Sociology | ||
| 650 | _aReligion and politics | ||
| 650 | _aReligion and social problems | ||
| 650 | _aReligion and social status | ||
| 700 | _aKaplan, Howard B. | ||
| 700 | _aEbaugh, Helen Rose | ||
| 942 | _cBK | ||